000 00492nam a22001697a 4500
003 OSt
005 20151112124936.0
008 151112b xxu||||| |||| 00| 0 eng d
040 _aSEKU
050 _a R 864
_b .L37
100 _a Larsen, D. William
245 _aComputerized medical office procedures :
_ba worktext
_cWilliam D. Larsen.
260 _aSt. Louis, :
_b Elsevier/Saunders,
_c c2011
300 _a380p.:
650 _aMediSoft.
_vMedical offices
_xAutomation.
942 _2lcc
_cGEN
999 _c9746
_d9746